000 00631nam a2200241 a 4500
001 nice12345678
003 IN_TiNIC
005 20260116013750.0
008 050524s1993 bera grp 000 0 eng
020 _a0520276
_c441
082 0 0 _a909.0974927
_bBAR
100 _aBarkat, Halim
245 _aArab World Society, Culture, and State
260 _aBerkeley
_bUniversity of California Press
_c1993
300 _a348p
500 _aincludes index and biblioraphy
505 2 _aIndex
650 _aCivilization-Arab-20th Century
700 1 _aBarkat, Halim
902 _bSRS
942 _cBK
999 _c12380
_d12380